00408nam a2200193Ia 4500003000900000008004100009040001300050040001300063041000800076100002100084245003400105250001200139260001500151260000900166300001000175300001200185490001100197490000600208IT-RoPAU120407s9999 xx 000 0 und d aIT-RoPAU cIT-RoPAU aita aGisbert Greshake aBreve trattato sui novissimi. aBrescia aQueriniana c1978 a90 p. c20,5 cm aMinima v1